| 000 | 00747nam a22002651c 4500 | ||
|---|---|---|---|
| 001 | a987676807 | ||
| 008 | 160506s2016 gw |||| 000u ger d | ||
| 020 |
_a9783868542981 _9978-3-86854-298-1 |
||
| 041 | _ager | ||
| 100 | 1 | _aTeichmann , Christian | |
| 245 | 0 | 0 |
_aMacht der Unordnung : _bStalins Herrschaft in Zentralasien 1920-1950 / _cChristian Teichmann |
| 264 |
_aHamburg : _bHamburger Edition, _c2016 |
||
| 300 | _aS. | ||
| 648 | 0 | _a1920-1950 | |
| 650 | 0 | _aStalinismus | |
| 650 | 0 | _aBaumwollwirtschaft | |
| 650 | 0 | _aPlanwirtschaft | |
| 650 | 0 | _a | |
| 651 | 0 | _aSowjetunion | |
| 651 | 0 | _aZentralasien | |
| 942 | _cMG | ||
| 040 | _cRU-10907106 | ||
| 003 | RU-10907106 | ||
| 999 |
_c38920 _d38920 |
||
| 490 | 0 | _aStudien zur Gewaltgeschichte des 20. Jahrhunderts | |